[Event "DSOL 02 Liga Gr-B 1st"]
[Site "Playchess.com INT"]
[Date "2020.06.25"]
[Round "1.1"]
[White "Schmidt, Markus"]
[Black "Backens, Johannes"]
[Result "1-0"]
[WhiteElo "2039"]
[BlackElo "1951"]
[PlyCount "85"]
[EventDate "2020.06.22"]
[EventType "team-tourn (rapid)"]
[EventCountry "GER"]
[SourceTitle "EXT 2021"]
[Source "ChessBase"]
[SourceDate "2020.10.23"]
[SourceVersion "1"]
[SourceVersionDate "2020.10.23"]
[SourceQuality "1"]
[WhiteTeam "Niederbrechen"]
[BlackTeam "Schwarzenbach Caissa"]
[WhiteTeamCountry "GER"]
[BlackTeamCountry "GER"]

1. e4 c5 2. Nf3 d6 3. Bb5+ Bd7 4. Bxd7+ Qxd7 5. 0-0 Nf6 6. Re1 Nc6 7. d4 cxd4 8. Nxd4 g6 9. b3 Bg7 10. Bb2 0-0 11. c4 Rfd8 12. Nc3 e6 13. Qd2 d5 14. Nxc6 Qxc6 15. cxd5 exd5 16. e5 Ng4 17. Qf4 Qe6 18. Nb5 Qd7 19. Nd4 Nh6 20. Rad1 Rac8 21. h3 Nf5 22. Nxf5 Qxf5 23. Qxf5 gxf5 24. Re2 Rc6 25. Bd4 b6 26. f4 Bf8 27. Kf2 Bc5 28. Ke3 Rg6 29. Rc2 Kf8 30. Kf3 Rc6 31. b4 Bxd4 32. Rxc6 Bb2 33. Ke2 d4 34. Kd3 Bc3 35. a3 Bb2 36. a4 b5 37. axb5 Bc3 38. Kc4 Ke7 39. Rc7+ Ke6 40. Rxa7 Rc8+ 41. Kd3 Rb8 42. Ra6+ Kd5 43. Rd6# 1-0

[Event "GER CupT 1920 prel7"]
[Site "Bensheim"]
[Date "2020.01.11"]
[Round "1.4"]
[White "Backens, Johannes"]
[Black "Meiser, Markus"]
[Result "1/2-1/2"]
[WhiteElo "1958"]
[BlackElo "2107"]
[PlyCount "103"]
[EventDate "2020.01.11"]
[EventType "team-k.o."]
[EventRounds "2"]
[EventCountry "GER"]
[SourceTitle "EXT 2021"]
[Source "ChessBase"]
[SourceDate "2020.10.23"]
[SourceVersion "1"]
[SourceVersionDate "2020.10.23"]
[SourceQuality "1"]
[WhiteTeam "Schwarzenbach Caissa"]
[BlackTeam "Bensheim"]
[WhiteTeamCountry "GER"]
[BlackTeamCountry "GER"]

1. e4 c5 2. Nc3 Nc6 3. Bb5 Nd4 4. Bc4 e6 5. Nge2 Ne7 6. 0-0 Nxe2+ 7. Qxe2 Nc6 8. d3 Nd4 9. Qd1 Be7 10. e5 0-0 11. a4 f6 12. Bf4 Nc6 13. exf6 Rxf6 14. Bg3 d5 15. Ba2 Kh8 16. Re1 Rg6 17. Rc1 Bf6 18. f4 Nd4 19. Bf2 Bd7 20. Ne2 Nf3+ 21. Kh1 Nxe1 22. Qxe1 Qc7 23. Bg3 Qc6 24. f5 exf5 25. Nf4 Rg4 26. Bxd5 Qxa4 27. c4 Re8 28. Qd2 Bc6 29. Bf3 Bxf3 30. gxf3 Qc6 31. Qg2 Rg5 32. h4 Rxg3 33. Qxg3 Bxb2 34. Rc2 Be5 35. Rg2 Re6 36. Qg5 Re8 37. Nd5 Qh6 38. Re2 Qxg5 39. hxg5 f4 40. Nxf4 Kg8 41. d4 Bxf4 42. Rxe8+ Kf7 43. Re4 Bd6 44. Kg2 cxd4 45. Rxd4 Ke6 46. f4 Be7 47. Rd5 g6 48. Kf3 b6 49. Ke4 a5 50. Rd2 a4 51. Rh2 a3 52. Rd2 1/2-1/2

[Event "GER-chT Lands U20"]
[Site "Hannover"]
[Date "2016.10.03"]
[Round "5.2"]
[White "Biastoch, Bennet"]
[Black "Backens, Johannes"]
[Result "1-0"]
[WhiteElo "2070"]
[BlackElo "1934"]
[PlyCount "81"]
[EventDate "2016.10.01"]
[EventType "team-swiss"]
[EventRounds "7"]
[EventCountry "GER"]
[SourceTitle "CBM 174 Extra"]
[Source "ChessBase"]
[SourceDate "2016.10.10"]
[SourceVersion "1"]
[SourceVersionDate "2016.10.10"]
[SourceQuality "1"]
[WhiteTeam "Sachsen Anhalt"]
[BlackTeam "Saarland/Rheinland Pfalz"]
[WhiteTeamCountry "GER"]
[BlackTeamCountry "GER"]

1. e4 c5 2. Nf3 d6 3. d4 cxd4 4. Nxd4 Nf6 5. Nc3 Nc6 6. Bg5 e6 7. f4 Be7 8. Qd2 0-0 9. 0-0-0 Nxd4 10. Qxd4 Qa5 11. Bc4 h6 12. Bh4 e5 13. Qd2 exf4 14. Kb1 Nxe4 15. Nxe4 Qxd2 16. Rxd2 Bxh4 17. Nxd6 Be6 18. Bxe6 fxe6 19. Re2 b6 20. Rxe6 Rf6 21. Rxf6 Bxf6 22. c3 Rd8 23. Ne4 Be5 24. Kc2 Bc7 25. h3 Kf7 26. Re1 Kg6 27. Nd2 Kf6 28. Nf3 Rd7 29. Nd4 Be5 30. Kd3 g5 31. Kc4 h5 32. Nc6 Rc7 33. Kd5 Rd7+ 34. Ke4 Bd6 35. Rd1 a6 36. Rd5 b5 37. b4 g4 38. Rxh5 gxh3 39. Rxh3 Bc7 40. Nd4 Rg7 41. Rh6+ 1-0

[Event "Saarland-ch A 89th"]
[Site "Stennweiler"]
[Date "2014.04.16"]
[Round "6"]
[White "Backens, Johannes"]
[Black "Leick, Christian"]
[Result "1/2-1/2"]
[WhiteElo "1582"]
[BlackElo "1697"]
[PlyCount "66"]
[EventDate "2014.04.11"]
[EventType "swiss"]
[EventRounds "9"]
[EventCountry "GER"]
[SourceTitle "EXT 2016"]
[Source "ChessBase"]
[SourceDate "2015.10.08"]
[SourceVersion "1"]
[SourceVersionDate "2015.10.08"]
[SourceQuality "1"]

1. e4 c5 2. Nc3 d6 3. f4 Nc6 4. Nf3 g6 5. Bc4 e6 6. 0-0 Bg7 7. d3 a6 8. a4 Nge7 9. Qe1 0-0 10. Ba2 Qc7 11. Be3 Nb4 12. Bb3 d5 13. Na2 Nxa2 14. Bxa2 Bxb2 15. Rb1 Bg7 16. a5 Rb8 17. Qf2 d4 18. Bd2 Nc6 19. Rb6 Bd7 20. Rfb1 Bf6 21. Bc4 Bd8 22. f5 exf5 23. Ng5 Qc8 24. Qg3 Bxb6 25. Rxb6 Kg7 26. Nxh7 Rh8 27. Ng5 Be6 28. Bxe6 fxe6 29. exf5 exf5 30. Bf4 Ra8 31. Bc7 Re8 32. Qh4 Rh8 33. Qg3 Re8 1/2-1/2

[Event "GER-chT U14"]
[Site "Lingen"]
[Date "2011.12.30"]
[Round "7.2"]
[White "Meulner, Fabian"]
[Black "Backens, Johannes"]
[Result "1/2-1/2"]
[WhiteElo "1812"]
[BlackElo "1235"]
[PlyCount "87"]
[EventDate "2011.12.27"]
[EventType "team-swiss"]
[EventRounds "7"]
[EventCountry "GER"]
[SourceTitle "EXT 2022"]
[Source "ChessBase"]
[SourceDate "2021.10.06"]
[SourceVersion "1"]
[SourceVersionDate "2021.10.06"]
[SourceQuality "1"]
[WhiteTeam "Nuernberg Sued SW U14"]
[BlackTeam "Schwarzenbach Caissa U14"]
[WhiteTeamCountry "GER"]
[BlackTeamCountry "GER"]

1. b4 d5 2. Bb2 Nf6 3. g3 e6 4. a3 c6 5. Bg2 Nbd7 6. d3 Bd6 7. c4 Qe7 8. Nc3 0-0 9. Nf3 Ne5 10. Nxe5 Bxe5 11. Qb3 Bd7 12. 0-0 Rfc8 13. e3 Bd6 14. Rfe1 h6 15. e4 dxe4 16. Nxe4 Nxe4 17. Bxe4 Re8 18. Qc3 e5 19. Rad1 Rad8 20. Bg2 Bf5 21. Qc1 Qc7 22. d4 exd4 23. Rxe8+ Rxe8 24. Bxd4 Bf8 25. Be3 Bg4 26. Rd4 Be6 27. Bf4 Qc8 28. Qd2 Bf5 29. Be3 Qc7 30. Bf1 c5 31. Bf4 Qc8 32. Rd5 Be6 33. Re5 Rd8 34. Qe3 Bd6 35. Re4 Bxf4 36. Qxf4 cxb4 37. axb4 Rd7 38. Qe3 b6 39. f4 Qc7 40. Qf3 Rd8 41. Qe3 Rd7 42. Rd4 Rxd4 43. Qxd4 Kf8 44. Kf2 1/2-1/2

[Event "GER-chT U14"]
[Site "Lingen"]
[Date "2011.12.28"]
[Round "4.2"]
[White "Weinmann, Balduin"]
[Black "Backens, Johannes"]
[Result "1/2-1/2"]
[WhiteElo "1116"]
[BlackElo "1235"]
[PlyCount "69"]
[EventDate "2011.12.27"]
[EventType "team-swiss"]
[EventRounds "7"]
[EventCountry "GER"]
[SourceTitle "EXT 2022"]
[Source "ChessBase"]
[SourceDate "2021.10.06"]
[SourceVersion "1"]
[SourceVersionDate "2021.10.06"]
[SourceQuality "1"]
[WhiteTeam "Karlsruhe 1853 U14"]
[BlackTeam "Schwarzenbach Caissa U14"]
[WhiteTeamCountry "GER"]
[BlackTeamCountry "GER"]

1. d4 d5 2. Bf4 c5 3. c3 Bf5 4. Nf3 e6 5. e3 Nf6 6. Nbd2 cxd4 7. exd4 a6 8. Ne5 Be7 9. Ndf3 0-0 10. Bd3 Bxd3 11. Qxd3 Nfd7 12. h4 f6 13. Ng4 Nc6 14. Ne3 Rc8 15. g4 Na5 16. g5 f5 17. Ke2 Nc4 18. Nxc4 Rxc4 19. Qc2 b5 20. h5 Qb6 21. g6 h6 22. Qd2 Nf6 23. Bxh6 Ne4 24. Qe3 b4 25. Nd2 Nxc3+ 26. bxc3 Rxc3 27. Qf4 Bd6 28. Qg5 Qxd4 29. Rac1 Qd3+ 30. Kd1 Rxc1+ 31. Kxc1 Qc3+ 32. Kb1 Qd3+ 33. Kc1 Qc3+ 34. Kb1 Qd3+ 35. Kc1 1/2-1/2

[Event "GER-chT U14"]
[Site "Lingen"]
[Date "2011.12.27"]
[Round "2.2"]
[White "Nguyen, Huy Dat"]
[Black "Backens, Johannes"]
[Result "1-0"]
[WhiteElo "1744"]
[BlackElo "1235"]
[PlyCount "83"]
[EventDate "2011.12.27"]
[EventType "team-swiss"]
[EventRounds "7"]
[EventCountry "GER"]
[SourceTitle "EXT 2022"]
[Source "ChessBase"]
[SourceDate "2021.10.06"]
[SourceVersion "1"]
[SourceVersionDate "2021.10.06"]
[SourceQuality "1"]
[WhiteTeam "Erfurt Medizin U14"]
[BlackTeam "Schwarzenbach Caissa U14"]
[WhiteTeamCountry "GER"]
[BlackTeamCountry "GER"]

1. d4 d5 2. Nf3 Nf6 3. e3 c5 4. Nbd2 cxd4 5. exd4 Bg4 6. c4 e6 7. Qb3 Qd7 8. Ne5 Qc7 9. h3 Bf5 10. Ndf3 Nc6 11. Nxc6 Qxc6 12. Ne5 dxc4 13. Bxc4 Qc7 14. 0-0 Bd6 15. Bb5+ Ke7 16. Nc4 Nd5 17. Nxd6 Qxd6 18. Bc4 Rhe8 19. Qxb7+ Kf8 20. Bxd5 Qxd5 21. Qxd5 exd5 22. Be3 Rab8 23. b3 Rbc8 24. Rfc1 a6 25. Rc5 Rxc5 26. dxc5 Bd7 27. Rd1 Bc6 28. g3 Rb8 29. Kf1 a5 30. Rd4 Ke7 31. Ke2 Rb5 32. Rh4 h6 33. Kd2 Ke6 34. Kc3 Ke5 35. Bd4+ Kf5 36. Rf4+ Ke6 37. a3 f5 38. g4 fxg4 39. Rxg4 g5 40. h4 Kf5 41. f3 h5 42. Rxg5+ 1-0